00931nam a2200265uu 4500001000800000005001700008008004100025020001500066035001200081040001300093041000800106082000800114100003700122245007700159260005700236300001800293490004300311520012800354650002100482650003300503650002500536650002600561650003700587650004100624134620220260508084508.0131008s1997 spa  a8492157127 a1346202 ccomduadb aspa 4a98010aOltra Perales, Enrique4auteaut10aAmérica profunda : sus dioses, mitos y pensamiento : desde la A a la Z aValencia (España) :bProvincia Franciscana,c1997. a530 páginas0 aBiblioteca Franciscano-Americana ;v213 aOrígenes y significados de los mitos, los dioses y el pensamiento de los aztecas, mayas, incas y otras tribus americanas. aHombre americano aHistoria de América Latina aIndigenas - Historia aReligión indígena aMitología indígena americana 7aIndígenasxAspectos sociales2lemb